Institutions, institutional change and culture

Nová inštitucionálna ekonómia uznala význam inštitúcií pri skúmaní spoločenskoekonomických procesov a javov. Podľa Douglassa Northa, inštitúcie sú formálne obmedzenia (pravidlá, zákony, ústavy), neformálne obmedzenia (pravidlá spoločenského správania a dobrovoľne prijímané morálne normy) a cena za i...

Description complète

Enregistré dans:
Détails bibliographiques
Auteur principal: Némethová, Ildikó, 1974-
Format: Chapitre de livre
Langue:anglais
Sujets:
Tags: Ajouter un tag
Pas de tags, Soyez le premier à ajouter un tag!

MARC

LEADER 00000nla$a2200000$$$4500
001 0119639
005 20240502072332.0
041 0 |a eng 
044 |a SK 
245 1 0 |a Institutions, institutional change and culture  |c Ildikó Némethová 
520 |a Nová inštitucionálna ekonómia uznala význam inštitúcií pri skúmaní spoločenskoekonomických procesov a javov. Podľa Douglassa Northa, inštitúcie sú formálne obmedzenia (pravidlá, zákony, ústavy), neformálne obmedzenia (pravidlá spoločenského správania a dobrovoľne prijímané morálne normy) a cena za ich presadzovanie. Za inštitúcie považuje spoločenské pravidlá regulujúce vzájomné vzťahy medzi jednotlivcami, skupinami a štátom. K inštitúciám patrí aj štát, vláda a ich orgány, ako aj samotný trh, ktorý vidí ako spoločensko-ekonomickú inštitúciu, ktorej efektívnosť je podmienená celkovým inštitucionálnym usporiadaním ekonomiky. 
610 2 0 |a inštitúcie verejnoprávne 
610 2 0 |a inštitucionalizmus 
610 2 0 |a štát 
610 2 0 |a ekonómia 
610 2 0 |a trh 
610 2 0 |a kultúra 
610 2 0 |a zákony 
610 2 0 |a správanie 
100 1 |a Némethová, Ildikó, 1974-